Statistiques concernant Les pays ayant un drapeau ne possédant que 2 couleurs

Cliquez ici pour prendre le quiz!

Statistiques générales

  • Ce quiz a été pris 409 fois
  • Le résultat moyen est 24 sur 37

Statistiques - réponses

Nom du pays% Correct
27Pologne
90%
15Japon
88%
7Chine
87%
23Monaco
86%
9Finlande
84%
6Canada
83%
13Indonésie
83%
31Suède
82%
8Danemark
79%
35Turquie
79%
20Maroc
78%
34Tunisie
78%
36Ukraine
78%
32Suisse
75%
11Grèce
74%
2Autriche
71%
1Albanie
70%
37Vietnam
69%
28Qatar
66%
3Arabie saoudite
64%
5Bangladesh
63%
14Israël
61%
4Bahreïn
58%
25Pakistan
57%
26Palaos
57%
30Somalie
57%
18Lettonie
55%
29Singapour
54%
12Honduras
53%
24Nigeria
51%
33Tonga
49%
10Géorgie
48%
22Micronésie
48%
16Kazakhstan
44%
17Kirghizistan
42%
19Macédoine
40%
21Mauritanie
37%

Distribution des résultats

Percentile par nombre de réponses

% des personnes avec chaque résultat

Votre développement - résultats

Vous n’avez pas pris ce quiz